Cómo enseñar a leer / (Record no. 87444)

MARC details
000 -CABECERA
campo de control de longitud fija 00635nam a22002053a 4500
005 - FECHA Y HORA DE LA ÚLTIMA TRANSACCIÓN
campo de control 20221118063616.0
008 - ELEMENTOS DE LONGITUD FIJA--INFORMACIÓN GENERAL
campo de control de longitud fija 011025s1999 mx fr 000 0 spa d
020 ## - NÚMERO INTERNACIONAL NORMALIZADO PARA LIBROS
Número Internacional Estándar del Libro 8449307732
035 ## - NÚMERO DE CONTROL DEL SISTEMA
Número de control de sistema UPN01000113536
049 ## - COLECCIÓN
Colección CG
050 #4 - SIGNATURA TOPOGRÁFICA DE LA BIBLIOTECA DEL CONGRESO
Número de clasificación LB1525
Número de documento/Ítem P7.38
100 1# - ASIENTO PRINCIPAL--NOMBRE PERSONAL
Nombre de persona Pressley, Michael
9 (RLIN) 29879
245 10 - MENCIÓN DE TÍTULO
Título Cómo enseñar a leer /
Mención de responsabilidad, etc. Michael Pressley ; tr. Daniel Menezo.
260 ## - PUBLICACIÓN, DISTRIBUCIÓN, ETC.
Lugar de publicación, distribución, etc. Buenos Aires :
Nombre del editor, distribuidor, etc. Paidós,
Fecha de publicación, distribución, etc. 1999.
300 ## - DESCRIPCIÓN FÍSICA
Extensión 317 p.
440 #0 - MENCIÓN DE SERIE/ASIENTO SECUNDARIO--TÍTULO
Título Temas de educación ;
Designación de volumen o secuencia 51.
534 ## - NOTA SOBRE LA VERSIÓN ORIGINAL
Frase introductoria Traducción de :
Mención de título del original reading instructional... that works.
650 04 - ASIENTO SECUNDARIO DE MATERIA - TERMINO TEMATICO
Término de materia o nombre geográfico como elemento de entrada Lectura
Subdivisión general Estudio y enseñanza (Elemental)
9 (RLIN) 2805
905 ## - TIPO DE MATERIAL
Tipo de material Libro
Holdings
Estado de retiro Estado de pérdida Fuente del sistema de clasificación o colocación Estado dañado No para préstamo Código de colección Localización permanente Ubicación/localización actual Ubicación en estantería Fecha de adquisición Total de préstamos Clasificación Código de barras Fecha visto por última vez Fecha del último préstamo Número de copia Tipo de ítem Koha Renovaciones totales
    Library of Congress Classification     Colección General Bib. Gregorio Torres Quintero Bib. Gregorio Torres Quintero Planta baja 29/09/2022 16 LB1525 P7.38 194386 18/04/2024 12/03/2024 1 Libro  
    Library of Congress Classification     Colección General Bib. Gregorio Torres Quintero Bib. Gregorio Torres Quintero Planta baja   16 LB1525 P7.38 182404 31/12/2020   1 Libro  
    Library of Congress Classification     Colección General Bib. Gregorio Torres Quintero Bib. Gregorio Torres Quintero Planta baja   14 LB1525 P7.38 193060 31/12/2020   1 Libro  
    Library of Congress Classification     Colección General Bib. Gregorio Torres Quintero Bib. Gregorio Torres Quintero Planta baja   22 LB1525 P7.38 194387 31/12/2020   1 Libro  
    Library of Congress Classification     Colección General Bib. Gregorio Torres Quintero Bib. Gregorio Torres Quintero Planta baja 22/11/2023 6 LB1525 P7.38 235068 27/08/2024 12/08/2024 1 Libro 2
    Library of Congress Classification     Colección General Bib. Gregorio Torres Quintero Bib. Gregorio Torres Quintero Planta baja   21 LB1525 P7.38 182403 31/12/2020   1 Libro